| 000 | 00728nam a2200217Ia 4500 | ||
|---|---|---|---|
| 001 | 9324 | ||
| 003 | GE_BSU | ||
| 008 | 181216s||||||||xx |||||||||||||| ||und|| | ||
| 040 | _cGE_BSU | ||
| 080 | _a658.2+664 | ||
| 100 | _aМамонтов,К.Я. Мамонтова,М.М. | ||
| 245 | _aОсновы проектирования кондитерских фабрик. | ||
| 245 | _bУчебное пособие. | ||
| 245 | _cРед. Н.Н.Бородина. | ||
| 260 | _aМ. | ||
| 260 | _bВысшая школа. | ||
| 260 | _c1967. | ||
| 300 | _a324 стр. с илл. 22см. Библиогр.: стр.333. | ||
| 653 | _aОсновы проектирования кондитерских фабрик. | ||
| 942 | _cBK | ||
| 999 |
_c42620 _d42620 |
||